Synthesis and pharmacology of derivatives of tropine and related compounds /
Saved in:
| Main Author: | |
|---|---|
| Format: | Thesis Book |
| Language: | English |
| Published: |
1999.
|
| Tags: |
Add Tag
No Tags, Be the first to tag this record!
|
| LEADER | 00804nam a2200217 a 4500 | ||
|---|---|---|---|
| 001 | u697501 | ||
| 003 | SIRSI | ||
| 008 | 981209s1999 si a v 0 eng m | ||
| 035 | |a ADC-1106 | ||
| 040 | |a UMP | ||
| 096 | |a QV704 |b NUSP 1999 Xu | ||
| 100 | 1 | 0 | |a Xu, Rong. |
| 245 | 1 | 0 | |a Synthesis and pharmacology of derivatives of tropine and related compounds / |c Xu Rong. |
| 260 | |c 1999. | ||
| 300 | |a xi, 252 leaves : |b ill. ; |c 30 cm. | ||
| 502 | |a Thesis (Ph.D) -- Department of Pharmacy, Faculty of Science, National University of Singapore, 1999. | ||
| 504 | |a Bibliography : leaves 238-252 | ||
| 710 | 2 | 0 | |a National University of Singapore. |b Dept. of Pharmacy |
| 948 | |a 02/08/2004 |b 02/08/2004 | ||
| 596 | |a 2 | ||
| 999 | |a QV704 NUS 1999 XU |w NLM |c 1 |i A502778310 |d 8/2/2007 |f 8/2/2007 |g 1 |l TESIS |m P02MEDKL |r Y |s Y |t TESIS |u 8/2/2007 | ||
